000 00500nam a2200169Ia 4500
999 _c18793
_d18793
003 OSt
005 20200624140111.0
008 190216s9999||||xx |||||||||||||| ||und||
040 _coclc
082 _a954.9104
_bCAM/P
100 _a Campbell, Robert D
_93194
245 0 _aPakistan: Emerging Democracy /
_cRobert D Campbell
260 _bD -van Nostrand Co,
_c1963.
_aNew Jersey:
300 _a144p
650 _aHistory
942 _cBK
_2ddc
_h954.9104
_iCAM/P
_k954.9104
_mCAM/P